000 nam a22 7a 4500
999 _c10478
_d10478
008 180217b ||||| |||| 00| 0 eng d
100 _aKumar,A.etal.
_96355
245 _aE-world Computers Basics and Applications-8
260 _aDelhi
_bDK
_c2011